Normal view
MARC view
Entry Personal Name
001 - CONTROL NUMBER
- control field: 69695
003 - CONTROL NUMBER IDENTIFIER
- control field: dpl
005 - DATE AND TIME OF LATEST TRANSACTION
- control field: 20240807145216.0
008 - FIXED-LENGTH DATA ELEMENTS
- fixed length control field: 240807|| aca||aabn | a|a d
040 ## - CATALOGING SOURCE
- Original cataloging agency: dpl
- Transcribing agency: dpl
100 ## - HEADING--PERSONAL NAME
- Personal name: शर्मा, जनक राज
670 ## - SOURCE DATA FOUND
- Source citation: Work cat.: (dpl)204632: शर्मा, जनक राज , जीवन जीने की कला /, 2024
